000 00796cam a2200253 u 4500
003 MX-MxUPN
005 20240320160136.0
008 190905s2005 ve a fr 000 j spa d
020 _a9806915577
035 _aUPN01000232652
040 _aMX-MxUPN
_bspa
041 0 _aspa
050 4 _aK3240
_bG373 2005
100 1 _aGarcía Alvarez, Pablo Emilio
_938405
245 1 0 _aUna conversación con papá :
_blos derechos humanos y los niños
260 _a[Venezuela] :
_bEl Nacional,
_cc2005
300 _a31 páginas :
_bilustraciones a color
490 0 _aColección una brújula de papel. Ciencias sociales ;
_v23
650 0 _951443
_aDerechos humanos
_vLiteratura infantil
902 _bVíctorGodínez/200324
905 _aInfantil
942 _2lcc
_cLIBRO
999 _c204747
_d204747